Les présidents des Etats-Unis - Statistiques

Statistiques générales
  • Ce quiz a été pris 56 fois
  • Le résultat moyen est 21 sur 47
Statistiques - réponses
Mandats Présidents % Correct
2017-2021 Donald Trump
100%
2025-2029 Donald Trump
100%
2009-2017 Barack Obama
96%
1789-1797 George Washington
93%
1989-1993 George H Bush
91%
2001-2009 George W Bush
91%
2021-2025 Joe Biden
89%
1961-1963 John Fitzgerald Kennedy
87%
1993-2001 Bill Clinton
84%
1861-1865 Abraham Lincoln
82%
1981-1989 Ronald Reagan
80%
1933-1945 Franklin Roosevelt
73%
1901-1909 Theodore Roosevelt
73%
1969-1974 Richard Nixon
64%
1945-1953 Harry Truman
51%
1963-1969 Lyndon Johnson
51%
1865-1869 Andrew Johnson
49%
1913-1921 Woodrow Wilson
49%
1977-1981 Jimmy Carter
44%
1801-1809 Thomas Jefferson
44%
1974-1977 Gerald Ford
40%
1929-1933 Herbert Hoover
40%
1953-1961 Dwight Eisenhower
38%
1797-1801 John Adams
38%
1825-1829 John Quincy Adams
38%
1829-1837 Andrew Jackson
33%
1817-1825 James Monroe
27%
1869-1877 Ulysse Grant
27%
1809-1817 James Madison
24%
1909-1913 William Taft
24%
1923-1929 Calvin Coolidge
22%
1881 James Garfield
20%
1837-1841 Martin Van Buren
20%
1897-1901 William McKinley
20%
1885-1889 Grover Cleveland
18%
1893-1897 Grover Cleveland
18%
1857-1861 James Buchanan
18%
1845-1849 James Polk
18%
1889-1893 Benjamin Harrison
16%
1881-1885 Chester Arthur
16%
1921-1923 Warren Harding
16%
1841 William Harrison
16%
1849-1850 Zachary Taylor
16%
1853-1857 Franklin Pierce
13%
1841-1845 James Tyler
13%
1850-1853 Millard Fillmore
13%
1877-1881 Rutherford Hayes
13%
Aucun quiz correspondant
Distribution des résultats
% des personnes avec chaque résultat
Percentile par nombre de réponses
Votre historique - résultats
Vous n’avez pas pris ce quiz